000
00319nam a2200133 a 4500
008
110107s1977|||| d
245
1
0
_a
Vybrané spisy
_n
2
_b
1850 - 1866
100
1
_a
Marx, Karol
700
1
_a
Engels, Fridrich
260
_b
Pravda
_a
Bratislava
_c
1977
020
_c
19
044
_a
xo
_c
SK
041
_a
slo
999
_c
15547
_d
15547